|
|
|
|
| LEADER |
00000nam0a2200000 4500 |
| 001 |
23089 |
| 005 |
20231101205528.0 |
| 010 |
|
|
|a 5724511223
|
| 035 |
|
|
|a (RuTPU)RU\TPU\book\23304
|
| 035 |
|
|
|a BOOK00023376
|
| 090 |
|
|
|a 23089
|
| 100 |
|
|
|a 20011209d1999 m y0rusy50 ca
|
| 101 |
0 |
|
|a rus
|
| 102 |
|
|
|a RU
|
| 105 |
|
|
|a a j 000zy
|
| 200 |
1 |
|
|a Экология человека и культура
|e учебное пособие
|f К. М. Петров
|
| 205 |
|
|
|a 2-е изд.
|
| 210 |
|
|
|a Санкт-Петербург
|c Химиздат
|d 1999
|
| 215 |
|
|
|a 384 с.
|c ил.
|
| 451 |
|
1 |
|0 (RuTPU)RU\TPU\book\23326
|y 5-7245-1122-3
|t Экология человека и культура
|o учебное пособие
|f К. М. Петров
|e 2-е изд.
|c Санкт-Петербург
|n Химиздат
|d 2000
|p 384 с.
|a Петров, Кирилл Михайлович
|
| 606 |
1 |
|
|a Экология человека
|2 stltpush
|3 (RuTPU)RU\TPU\subj\39025
|9 59266
|
| 606 |
1 |
|
|a Социальная экология
|x Философские проблемы
|2 stltpush
|3 (RuTPU)RU\TPU\subj\70036
|9 84599
|
| 610 |
1 |
|
|a человек
|
| 610 |
1 |
|
|a культура
|
| 610 |
1 |
|
|a мировоззрение
|
| 610 |
1 |
|
|a экологическая этика
|
| 610 |
1 |
|
|a экологическая нравственность
|
| 610 |
1 |
|
|a натурфилософия
|
| 610 |
1 |
|
|a социальная экология
|
| 610 |
1 |
|
|a окружающая среда
|
| 610 |
1 |
|
|a загрязнения
|
| 610 |
1 |
|
|a антропогенное воздействие
|
| 610 |
1 |
|
|a геоэкология
|
| 610 |
1 |
|
|a устойчивое развитие
|
| 610 |
1 |
|
|a природа
|
| 610 |
1 |
|
|a философия
|
| 610 |
1 |
|
|a учебные пособия
|
| 675 |
|
|
|a 504.75(075.8)
|v 3
|
| 686 |
|
|
|a Ю663я73
|v LBC/SL-A
|2 rubbk
|
| 700 |
|
1 |
|a Петров
|b К. М.
|g Кирилл Михайлович
|
| 801 |
|
0 |
|a RU
|b 63413507
|c 20011209
|g PSBO
|
| 801 |
|
2 |
|a RU
|b 63413507
|c 20160229
|g PSBO
|
| 942 |
|
|
|c BK
|